Where the line bleeds

Bibliographic Details
Main Author: Ward, Jesmyn
Format: Book
Published: London : Bloomsbury Publishing , 2018
Subjects:

MARC

LEADER 00000cam a2200000 7i4500
001 0000237708
005 20191007.0
020 |a 9781408899823 
090 0 0 |a F   |b WAR 
100 1 |a Ward, Jesmyn 
245 1 0 |a Where the line bleeds   |c Jesmyn Ward 
260 |a London :   |b Bloomsbury Publishing ,   |c 2018 
300 |a 241p. ;   |c 20cm. 
650 0 |a Fiction 
999 |a 00373174   |b BUKU   |c PINJAMAN   |e PERPUSTAKAAN KOMUNITI PETALING JAYA